000 00819nas a2200277 4500
001 BR9001338
003 BR-BrBNA
005 20231205091836.0
007 ta
008 230509b bl.|||p| |||| 00| 00por d
040 _aBR-BrBNA
_bpor
_cBiblioteca Nacional de Agricultura
041 _a(Pt)
072 _aL70; L73
100 1 _aAraujo, M.L.C. de
100 1 _aReis, R.
245 1 _aSoraglutinacao para erisipela suina no estado de Minas Gerais
650 _aSUÍNO
650 _aSORO-AGLUTINACAO
650 _aVACINA
650 _aDIAGNOSTICO
650 _aERISIPELA
650 _aMINAS GERAIS
773 0 _tArquivo Brasileiro de Medicina Veterinaria e Zootecnia (Brazil)
_xISSN 0102-0935
_g(Feb 1988), v. 40(1) p. 49-52
_wBR9001338
909 _a202311
_bLúcia
_c55
_dLúcia Elande
942 _2AGRIS
_n0
_cANA
999 _c127689
_d127689